Countries That Export the Most Soft Drinks - Statistics

General Stats
  • This quiz has been taken 34 times
  • The average score is 12 of 15
Answer Stats
Rank $ Value Worth Country % Correct
6 $1.3 billion United States
100%
10 $590.2 million United Kingdom
97%
2 $1.92 billion Germany
94%
8 $770.6 million France
91%
12 $495.3 million Mexico
91%
9 $611.9 million Italy
88%
14 $407.4 million Spain
88%
1 $3.3 billion Australia
78%
11 $495.8 million South Korea
75%
7 $893 million Belgium
72%
3 $1.9 billion Netherlands
72%
15 $332.4 million Poland
72%
4 $1.87 billion Switzerland
63%
13 $432.1 million Denmark
50%
5 $1.6 billion Thailand
50%
No matching quizzes found
Score Distribution
Percent of People with Each Score
Percentile by Number Answered
Your Score History
You have not taken this quiz